000 00547nam a22002057a 4500
003 DO-SdBNP
005 20210921092711.0
007 ta
008 210921b 2018 dr a 00| 0 eng d
020 _a9789945906486
040 _aDO-SdBNP
_bspa
_cBNPHU
082 4 _aBNPHU
100 1 _aLantigua, Garibaldina
_979971
245 1 _aPulcro /
_cGaribaldina Lantigua
260 _aSanto Domingo :
_bUVR Correctores de textos,
_c2018.
300 _a108 p. :
_bil. ;
_c21 cm.
590 _aInventariado, 2021/BT
910 _aBtavárez
942 _2ddc
_cLBS1
999 _c50595
_d50595